000
00325cam a22001337a 4500
008
180718b1961 xxu||||| |||| 00| 0 eng d
082
_a
A60 H511
100
_a
Hexter, J.H.
245
_a
Reappraisals in history
_c
by J.H. Hexter
260
_a
London
_b
Longmans
_c
1961
300
_a
214p.
500
_a
30/-
650
_a
History
999
_c
368321
_d
368321